<?xml version="1.0" encoding="UTF-8"?>
<record
    xmlns:xsi="http://www.w3.org/2001/XMLSchema-instance"
    xsi:schemaLocation="http://www.loc.gov/MARC21/slim http://www.loc.gov/standards/marcxml/schema/MARC21slim.xsd"
    xmlns="http://www.loc.gov/MARC21/slim">

  <leader>02048nam0a2200337   4500</leader>
  <controlfield tag="001">RU\NLR\BIBL_A\012851770</controlfield>
  <controlfield tag="005">20231218120330.0</controlfield>
  <datafield tag="010" ind1=" " ind2=" ">
    <subfield code="a">978-5-6047264-3-3</subfield>
    <subfield code="9">250</subfield>
  </datafield>
  <datafield tag="021" ind1=" " ind2=" ">
    <subfield code="a">RU</subfield>
    <subfield code="b">&#x41A;&#x41D;-&#x41F;-22-028404</subfield>
    <subfield code="9">&#x41A;&#x41D;-&#x41F;-22-2437</subfield>
  </datafield>
  <datafield tag="035" ind1=" " ind2=" ">
    <subfield code="a">(NLR Aleph) 012851770</subfield>
  </datafield>
  <datafield tag="035" ind1=" " ind2=" ">
    <subfield code="a">(RuMoRGB)011061726</subfield>
  </datafield>
  <datafield tag="090" ind1=" " ind2=" ">
    <subfield code="a">12429506</subfield>
    <subfield code="c">12429506</subfield>
  </datafield>
  <datafield tag="100" ind1=" " ind2=" ">
    <subfield code="a">20220721d2022    m  y0rusy50      ca</subfield>
  </datafield>
  <datafield tag="101" ind1="0" ind2=" ">
    <subfield code="a">rus</subfield>
  </datafield>
  <datafield tag="102" ind1=" " ind2=" ">
    <subfield code="a">RU</subfield>
  </datafield>
  <datafield tag="105" ind1=" " ind2=" ">
    <subfield code="a">ach z   000zy</subfield>
  </datafield>
  <datafield tag="181" ind1=" " ind2="0">
    <subfield code="a">i </subfield>
    <subfield code="b">axxe  </subfield>
  </datafield>
  <datafield tag="182" ind1=" " ind2="0">
    <subfield code="a">n</subfield>
  </datafield>
  <datafield tag="200" ind1="1" ind2=" ">
    <subfield code="a">&#x41D;&#x435;&#x441;&#x435;&#x440;&#x44C;&#x435;&#x437;&#x43D;&#x43E; &#x43E; &#x441;&#x435;&#x440;&#x44C;&#x435;&#x437;&#x43D;&#x43E;&#x43C;</subfield>
    <subfield code="e">&#x438;&#x437; &#x437;&#x430;&#x43F;&#x438;&#x441;&#x43E;&#x43A; &#x434;&#x43E;&#x43A;&#x442;&#x43E;&#x440;&#x430; &#x411;&#x430;&#x433;&#x434;&#x44B;&#x43A;&#x43E;&#x432;&#x430;</subfield>
    <subfield code="f">&#x413;&#x435;&#x43E;&#x440;&#x433;&#x438;&#x439; &#x411;&#x430;&#x433;&#x434;&#x44B;&#x43A;&#x43E;&#x432;</subfield>
  </datafield>
  <datafield tag="203" ind1=" " ind2=" ">
    <subfield code="a">&#x422;&#x435;&#x43A;&#x441;&#x442;</subfield>
    <subfield code="b">&#x432;&#x438;&#x437;&#x443;&#x430;&#x43B;&#x44C;&#x43D;&#x44B;&#x439;</subfield>
    <subfield code="c">&#x43D;&#x435;&#x43F;&#x43E;&#x441;&#x440;&#x435;&#x434;&#x441;&#x442;&#x432;&#x435;&#x43D;&#x43D;&#x44B;&#x439;</subfield>
  </datafield>
  <datafield tag="210" ind1=" " ind2=" ">
    <subfield code="a">&#x422;&#x430;&#x433;&#x430;&#x43D;&#x440;&#x43E;&#x433;</subfield>
    <subfield code="c">&#x412;&#x435;&#x434;&#x430;</subfield>
    <subfield code="d">2022</subfield>
  </datafield>
  <datafield tag="215" ind1=" " ind2=" ">
    <subfield code="a">196, [1] &#x441;.</subfield>
    <subfield code="c">&#x438;&#x43B;., &#x43F;&#x43E;&#x440;&#x442;&#x440;., &#x444;&#x430;&#x43A;&#x441;.</subfield>
    <subfield code="d">21</subfield>
  </datafield>
  <datafield tag="330" ind1=" " ind2=" ">
    <subfield code="a">&#x412; &#x43A;&#x43D;&#x438;&#x433;&#x435; &#x443;&#x440;&#x43E;&#x43B;&#x43E;&#x433;&#x430; &#x413;&#x435;&#x43E;&#x440;&#x433;&#x438;&#x44F; &#x411;&#x430;&#x433;&#x434;&#x44B;&#x43A;&#x43E;&#x432;&#x430; &lt;&#x41D;&#x435;&#x441;&#x435;&#x440;&#x44C;&#x435;&#x437;&#x43D;&#x43E; &#x43E; &#x441;&#x435;&#x440;&#x44C;&#x435;&#x437;&#x43D;&#x43E;&#x43C;&gt; &#x440;&#x430;&#x441;&#x441;&#x43A;&#x430;&#x437;&#x44B;&#x432;&#x430;&#x435;&#x442;&#x441;&#x44F; &#x432; &#x43F;&#x43E;&#x43F;&#x443;&#x43B;&#x44F;&#x440;&#x43D;&#x43E;&#x439; &#x444;&#x43E;&#x440;&#x43C;&#x435; &#x43E; &#x440;&#x430;&#x437;&#x43B;&#x438;&#x447;&#x43D;&#x44B;&#x445; &#x437;&#x430;&#x431;&#x43E;&#x43B;&#x435;&#x432;&#x430;&#x43D;&#x438;&#x44F;&#x445;, &#x43E;&#x431; &#x438;&#x445; &#x43F;&#x440;&#x43E;&#x444;&#x438;&#x43B;&#x430;&#x43A;&#x442;&#x438;&#x43A;&#x435; &#x438; &#x43B;&#x435;&#x447;&#x435;&#x43D;&#x438;&#x438;. &#x41D;&#x43E; &#x43D;&#x435; &#x442;&#x43E;&#x43B;&#x44C;&#x43A;&#x43E; &#x43E;&#x431; &#x44D;&#x442;&#x43E;&#x43C; &#x43F;&#x438;&#x448;&#x435;&#x442; &#x430;&#x432;&#x442;&#x43E;&#x440;. &#x41E;&#x43D; &#x434;&#x435;&#x43B;&#x438;&#x442;&#x441;&#x44F; &#x441; &#x447;&#x438;&#x442;&#x430;&#x442;&#x435;&#x43B;&#x44F;&#x43C;&#x438; &#x441;&#x432;&#x43E;&#x438;&#x43C;&#x438; &#x43C;&#x44B;&#x441;&#x43B;&#x44F;&#x43C;&#x438; &#x43E; &#x43C;&#x435;&#x434;&#x438;&#x446;&#x438;&#x43D;&#x435; &#x438; &#x436;&#x438;&#x437;&#x43D;&#x438;. &#x41A;&#x43D;&#x438;&#x433;&#x430; &lt;&#x41D;&#x435;&#x441;&#x435;&#x440;&#x44C;&#x435;&#x437;&#x43D;&#x43E; &#x43E; &#x441;&#x435;&#x440;&#x44C;&#x435;&#x437;&#x43D;&#x43E;&#x43C;&gt; &#x440;&#x430;&#x441;&#x441;&#x447;&#x438;&#x442;&#x430;&#x43D;&#x430; &#x43D;&#x430; &#x448;&#x438;&#x440;&#x43E;&#x43A;&#x438;&#x439; &#x43A;&#x440;&#x443;&#x433; &#x447;&#x438;&#x442;&#x430;&#x442;&#x435;&#x43B;&#x435;&#x439;. &#x41F;&#x43E;&#x441;&#x432;&#x44F;&#x449;&#x430;&#x435;&#x442;&#x441;&#x44F; &#x441;&#x432;&#x435;&#x442;&#x43B;&#x43E;&#x439; &#x43F;&#x430;&#x43C;&#x44F;&#x442;&#x438; &#x43C;&#x43E;&#x435;&#x433;&#x43E; &#x43E;&#x442;&#x446;&#x430;, &#x437;&#x430;&#x441;&#x43B;&#x443;&#x436;&#x435;&#x43D;&#x43D;&#x43E;&#x433;&#x43E; &#x432;&#x440;&#x430;&#x447;&#x430; &#x420;&#x43E;&#x441;&#x441;&#x438;&#x438;, &#x43A;&#x440;&#x430;&#x435;&#x432;&#x435;&#x434;&#x430; &#x438; &#x43F;&#x438;&#x441;&#x430;&#x442;&#x435;&#x43B;&#x44F; &#x41C;&#x438;&#x43D;&#x430;&#x441;&#x430; &#x413;&#x435;&#x43E;&#x440;&#x433;&#x438;&#x435;&#x432;&#x438;&#x447;&#x430; &#x411;&#x430;&#x433;&#x434;&#x44B;&#x43A;&#x43E;&#x432;&#x430;</subfield>
  </datafield>
  <datafield tag="606" ind1="1" ind2=" ">
    <subfield code="a">&#x41C;&#x435;&#x434;&#x438;&#x446;&#x438;&#x43D;&#x430;</subfield>
    <subfield code="j">&#x41F;&#x43E;&#x43F;&#x443;&#x43B;&#x44F;&#x440;&#x43D;&#x44B;&#x435; &#x438;&#x437;&#x434;&#x430;&#x43D;&#x438;&#x44F;</subfield>
    <subfield code="2">nlr_sh1</subfield>
    <subfield code="2">nlr_sh2</subfield>
    <subfield code="3">RU\NLR\AUTH\662895</subfield>
  </datafield>
  <datafield tag="675" ind1=" " ind2=" ">
    <subfield code="a">616</subfield>
    <subfield code="v">4</subfield>
  </datafield>
  <datafield tag="686" ind1="1" ind2=" ">
    <subfield code="a">&#x420;.&#x44F;9</subfield>
  </datafield>
  <datafield tag="700" ind1=" " ind2="1">
    <subfield code="a">&#x411;&#x430;&#x433;&#x434;&#x44B;&#x43A;&#x43E;&#x432;</subfield>
    <subfield code="b">&#x413;. &#x41C;.</subfield>
    <subfield code="c">&#x432;&#x440;&#x430;&#x447;-&#x443;&#x440;&#x43E;&#x43B;&#x43E;&#x433;, &#x436;&#x443;&#x440;&#x43D;&#x430;&#x43B;&#x438;&#x441;&#x442;</subfield>
    <subfield code="f">1971-</subfield>
    <subfield code="g">&#x413;&#x435;&#x43E;&#x440;&#x433;&#x438;&#x439; &#x41C;&#x438;&#x43D;&#x430;&#x441;&#x43E;&#x432;&#x438;&#x447;</subfield>
    <subfield code="3">RU\NLR\AUTH\770168658</subfield>
  </datafield>
  <datafield tag="942" ind1=" " ind2=" ">
    <subfield code="c">BOOK</subfield>
  </datafield>
  <datafield tag="980" ind1=" " ind2=" ">
    <subfield code="a">NB</subfield>
  </datafield>
  <datafield tag="995" ind1=" " ind2=" ">
    <subfield code="5">2022-07-21</subfield>
    <subfield code="a">ad</subfield>
    <subfield code="b">NLR01</subfield>
    <subfield code="c">NLR01</subfield>
    <subfield code="e">RF81</subfield>
    <subfield code="f">1-3907360</subfield>
    <subfield code="k">2022-3/19727</subfield>
    <subfield code="o">0</subfield>
    <subfield code="r">BOOK</subfield>
    <subfield code="s">2022319727_</subfield>
  </datafield>
  <datafield tag="995" ind1=" " ind2=" ">
    <subfield code="5">2022-07-21</subfield>
    <subfield code="a">ad</subfield>
    <subfield code="b">NLR01</subfield>
    <subfield code="c">NLR01</subfield>
    <subfield code="e">RF81</subfield>
    <subfield code="f">1-3907361</subfield>
    <subfield code="k">2022-3/19727</subfield>
    <subfield code="o">0</subfield>
    <subfield code="r">BOOK</subfield>
    <subfield code="s">2022319727_</subfield>
  </datafield>
</record>
